Normal view MARC view

Entry Topical Term

Number of records used in: 3

001 - CONTROL NUMBER

  • control field: 628

003 - CONTROL NUMBER IDENTIFIER

  • control field: RIC

005 - DATE AND TIME OF LATEST TRANSACTION

  • control field: 20110823140853.0

008 - FIXED-LENGTH DATA ELEMENTS

  • fixed length control field: 110823|||a|||||| | ||| d

040 ## - CATALOGING SOURCE

  • Original cataloging agency: RIC
  • Transcribing agency: RIC

150 ## - HEADING--TOPICAL TERM

  • Topical term or geographic name as entry element: Etiquette

670 ## - SOURCE DATA FOUND

  • Source citation: Work cat.: (RIC): Budi bahasa budaya kita., 2005.

Supported by RICOM